000 00677nam a2200289Ia 4500
005 20260324150757.0
008 008 260324s9999 xx 000 0 eng d
020 _a9781315009476
037 _aEBOOK
040 _aCRL
040 _beng
040 _cCRL
041 _2eng
041 _aeng
084 _qCRL
100 _aSylvia Anthony
_91227565
245 4 _aThe Child's Discovery of Death
245 2 _bA study in child psychology
260 _bTaylor and Francis
260 _c1940
365 _a
365 _b540
856 _uhttp://www.taylorfrancis.com/books/9781315009476
942 _cEBOOK
999 _c1837642
_d1837642